| 000 | 00767cab a2200217 4500 | ||
|---|---|---|---|
| 001 | WB2405-19 | ||
| 008 | 090401t1988 xxu||||| |||| 00| 0 eng d | ||
| 035 | _a(Sirsi) u25617 | ||
| 041 | _aeng | ||
| 245 | _aDesign defects and council housing | ||
| 260 | _c1988 | ||
| 350 | _a0 | ||
| 490 |
_aEstates Gazette _vno 8803, 23/1/88 p99 |
||
| 520 | _aLooks at the repairing obligations of local authority landlords with regard to inherent defects in housing , paying particular attention to the issues raised in Palmer v Sandwell Metropolitan Borough Council CA 8 October 1987, see Abstract 38594. | ||
| 650 | _aBISON WALL FRAME | ||
| 650 | _aCONDENSATION | ||
| 650 | _aPRC HOUSES | ||
| 690 | _aPROPERTY-LANDLORD AND TENANT | ||
| 942 | _n0 | ||
| 948 | _c04/03/1997 | ||
| 999 |
_c17210 _d17210 |
||